000 00661nam a2200217Ia 4500
003 OSt
005 20221007070219.0
006 a|||||r|||| 00| 0
007 ta
008 221006b |||||||| |||| 00| 0 eng d
024 _a30,008
037 _cReports / Technical Reports
040 _aFLL
_cFLL
_beng
041 _2eng
_aeng
082 _aXM55:5-9.N7, L7
245 0 _aSocial and labour practices of some US-based multinationals in the metal trades
260 _aGeneva
_bInternational Labour Office Geneva
_c1977
300 _aix,172p
_ccm.
942 _hXM55:5-9.N7, L7
_cREP
_2CC
999 _c1139817
_d1139817